Posledný kôň Pompejí (Record no. 23476)
[ view plain ]
| 000 -LEADER | |
|---|---|
| fixed length control field | 01101nam a2200361 a 4500 |
| 001 - CONTROL NUMBER | |
| control field | 23476 |
| 003 - CONTROL NUMBER IDENTIFIER | |
| control field | VRT |
| 005 - DATE AND TIME OF LATEST TRANSACTION | |
| control field | 20260624112347.0 |
| 008 - FIXED-LENGTH DATA ELEMENTS--GENERAL INFORMATION | |
| fixed length control field | 010702s2001 xo 000 1 slo c |
| 020 ## - INTERNATIONAL STANDARD BOOK NUMBER | |
| International Standard Book Number | 8022010995 (viaz.) |
| 035 ## - SYSTEM CONTROL NUMBER | |
| System control number | UKB000289770 |
| 039 #9 - LEVEL OF BIBLIOGRAPHIC CONTROL AND CODING DETAIL [OBSOLETE] | |
| Level of rules in bibliographic description | 202511071333 |
| Level of effort used to assign nonsubject heading access points | drlickoj |
| Level of effort used to assign subject headings | 202002110724 |
| Level of effort used to assign classification | AUTHORITY |
| 040 ## - CATALOGING SOURCE | |
| Original cataloging agency | BAA001 |
| Language of cataloging | slo |
| Transcribing agency | BAA001 |
| Description conventions | AACR2 |
| 041 1# - LANGUAGE CODE | |
| Language code of text/sound track or separate title | slo |
| 044 ## - COUNTRY OF PUBLISHING/PRODUCING ENTITY CODE | |
| MARC country code | xo |
| ISO country code | SK |
| 072 #7 - SUBJECT CATEGORY CODE | |
| Subject category code | 821.162.4-3 |
| Subject category code subdivision | Slovenská próza |
| Source | konspekt |
| 080 ## - UNIVERSAL DECIMAL CLASSIFICATION NUMBER | |
| Universal Decimal Classification number | 821.162.4-31 |
| Edition identifier | 2011 |
| 080 ## - UNIVERSAL DECIMAL CLASSIFICATION NUMBER | |
| Universal Decimal Classification number | (0:82-31) |
| Edition identifier | 2011 |
| 100 1# - MAIN ENTRY--PERSONAL NAME | |
| Personal name | Vilikovský, Pavel, |
| Dates associated with a name | 1941-2020 |
| 245 00 - TITLE STATEMENT | |
| Title | Posledný kôň Pompejí |
| Statement of responsibility, etc. | Pavel Vilikovský |
| 250 ## - EDITION STATEMENT | |
| Edition statement | 1. vyd |
| 260 ## - PUBLICATION, DISTRIBUTION, ETC. | |
| Place of publication, distribution, etc. | Bratislava |
| Name of publisher, distributor, etc. | Slovenský spisovateľ |
| Date of publication, distribution, etc. | 2001 |
| 300 ## - PHYSICAL DESCRIPTION | |
| Extent | 207 s |
| 500 ## - GENERAL NOTE | |
| General note | Rozlož. tit. list |
| 504 ## - BIBLIOGRAPHY, ETC. NOTE | |
| Bibliography, etc. note | Bibliogr. skrytá |
| 655 #7 - INDEX TERM--GENRE/FORM | |
| Genre/form data or focus term | slovenské romány |
| Source of term | UKBPH |
| 910 ## - USER-OPTION DATA (OCLC) | |
| User-option data | ukb |
| 942 ## - ADDED ENTRY ELEMENTS (KOHA) | |
| Source of classification or shelving scheme | Dewey Decimal Classification |
| Koha item type | Krásna literatúra pre deti |
| Suppress in OPAC | No |
| 949 ## - LOCAL PROCESSING INFORMATION (OCLC) | |
| 6 | 1800120948 |
| a | SL.D.39425 |
| b | PV.2825-2001 |
| 949 ## - LOCAL PROCESSING INFORMATION (OCLC) | |
| 6 | 1800120949 |
| a | SK.D.09261 |
| b | PV.2826-2001 |
| s | 6707:20060718 |
| 949 ## - LOCAL PROCESSING INFORMATION (OCLC) | |
| 6 | 1800121146 |
| a | 30.D.83445 |
| b | KD.315-2001 |
| 949 ## - LOCAL PROCESSING INFORMATION (OCLC) | |
| 6 | 1800169618 |
| a | 30.D.83445 |
| b | NA.8-2001 |
| Stav vyradenia | Strata | Poškodenie | Spôsob nadobudnutia | Domovská knižnica | Aktuálna knižnica | Dátum nadobudnutia | Total checkouts | Čiarový kód exemplára | Date last seen | Typ exemplára |
|---|---|---|---|---|---|---|---|---|---|---|
| Dar | Mestská knižnica Turany | Mestská knižnica Turany | 24.06.2026 | 4712401415 | 24.06.2026 | Krásna literatúra pre deti |
